Name a valid country with a middle letter A-Z - Statistics

General Stats
  • This quiz has been taken 109 times
  • The average score is 11 of 25
Answer Stats
Letters Answers % Correct
A Albania / Belarus / Bulgaria / Croatia / France / Italy / Monaco / North Macedonia / Poland / Romania / San Marino / Slovakia / Spain / Ukraine / Vatican city / Azerbaijan / Bangladesh / Iran / Iraq / Israel / Kuwait / Laos / Lebanon / Malaysia / Oman / Saudi Arabia / Singapore / Sri Lanka / United Arab Emirates / Chad / Equatorial Guinea / Eswatini / Ghana / Guinea-Bissau / Madagascar / Malawi / Mali / Rwanda / Sierra Leone / Somalia / South Africa / Tanzania / Uganda / Zimbabwe / Antigua and Barbuda / Bahamas / Barbados / Canada / Costa Rica / Dominican Republic / Jamaica / Panama / Brazil / Ecuador / Guyana / Paraguay / New Zealand / Tuvalu
97%
B Luxembourg / Serbia / Azerbaijan / Cambodia / United Arab Emirates / Democratic Republic of the Congo / Djibouti / Gabon / Gambia / Guinea-Bissau / Libya / Mozambique / Zambia / Zimbabwe / Barbados / Cuba / Kiribati
70%
I China / Maldives / Pakistan / Taiwan / Tajikistan / Thailand / Uzbekistan / Central African Republic / Equatorial Guinea / Ethiopia / Guinea / Mauritania / Mauritius / Namibia / Tunisia / Belize / Dominica / Haiti / Mexico / Bolivia / Chile / Suriname / Fiji / Kiribati / Solomon Islands
65%
E Bosnia and Herzegovina / Czech Republic / Greece / Liechtenstein / Montenegro / Slovenia / Sweden / Switzerland / Armenia / Turkmenistan / Algeria / Cameroon / Liberia / Nigeria / Senegal / Seychelles / Guatemala / Peru / Federated States of Micronesia / New Zealand / Papua New Guinea
64%
O Estonia / Kosovo / Andorra / Cambodia / Laos / Mongolia / Angola / Comoros / Djibouti / Ethiopia / Lesotho / Morocco / Republic of the Congo / Togo / Colombia
59%
L Finland / Iceland / Ireland / Malta / Poland / Bangladesh / Sri Lanka / Thailand / Malawi / Mali / Belize / El Salvador / Saint Lucia / Marshall Islands / Palau
57%
M Denmark / Germany / Luxembourg / Oman / Yemen / Gambia / Mozambique / Zambia / Colombia / Samoa
55%
N France / Monaco / Montenegro / Afghanistan / Brunei / Indonesia / Myanmar / Turkmenistan / Benin / Burkina Faso / Guinea / Kenya / Rwanda / São tomé and Príncipe / Uganda / Canada / Dominica / Grenada / Panama / Saint Vincent and the Grenadines / Argentina / Suriname / Solomon Islands / Tonga
55%
R Netherlands / Norway / Serbia / Bahrain / Cyprus / Georgia / Iran / Iraq / Israel / Jordan / Syria / Turkey / Cameroon / Nicaragua / Peru / Australia
51%
U Lithuania / Portugal / Bhutan / Brunei / Burundi / Democratic Republic of the Congo / Cuba / Honduras / Nauru / Vanuatu
46%
X Mexico
46%
P Cyprus / Japan / Nepal / Philippines
43%
D Moldova / Sweden / India / Jordan / Maldives / São tomé and Príncipe / Sudan / Honduras / Saint Vincent and the Grenadines / Trinidad and Tobago / United States
42%
G Bulgaria / Hungary / Belgium / Mongolia / Angola / Madagascar / Niger / Togo / Paraguay / Uruguay
39%
T Latvia / Austria / Portugal / Bhutan / East Timor / Qatar / Vietnam / Eritrea / Eswatini / Mauritania / Saint Kitts and Nevis / Saint Lucia
36%
V Latvia / Slovakia / Slovenia / Cape Verde / El Salvador / Tuvalu
36%
J Fiji
33%
S Kosovo / Russia / Pakistan / Botswana / South Sudan / Saint Kitts and Nevis / United States
29%
Z Kyrgyzstan / Tanzania / Brazil / Venezuela
29%
H Bosnia and Herzegovina / Kazakhstan / North Korea / South Korea / Chad / Seychelles / South Sudan
28%
K United Kingdom / Kazakhstan / North Korea / South Korea / Tajikistan / Turkey / Uzbekistan
26%
W Norway / Kuwait / Taiwan / Botswana / Papua New Guinea
23%
Y Kyrgyzstan / Malaysia / Egypt / Yvory Coast / Guyana
20%
C North Macedonia / Central African Republic / Ivory Coast
9%
F Republic of the Congo
1%
No matching quizzes found
Score Distribution
Percent of People with Each Score
Percentile by Number Answered
Your Score History
You have not taken this quiz